[Event "GER-ch U10"]
[Site "Willingen"]
[Date "2023.05.28"]
[Round "2"]
[White "Bremermann, Jakow"]
[Black "Wuestenberg, Benjamin"]
[Result "0-1"]
[WhiteElo "787"]
[BlackElo "1343"]
[PlyCount "138"]
[EventDate "2023.05.27"]
[EventType "swiss"]
[EventRounds "11"]
[EventCountry "GER"]
[SourceTitle "CBM 214 Extra"]
[Source "ChessBase"]
[SourceDate "2023.07.31"]
[SourceVersion "1"]
[SourceVersionDate "2023.07.31"]
[SourceQuality "1"]

1. e4 e5 2. Nf3 Nc6 3. Bb5 a6 4. Bxc6 dxc6 5. Nc3 Bd6 6. d3 Ne7 7. Bg5 f6 8. Be3 Be6 9. 0-0 Qd7 10. d4 0-0-0 11. dxe5 fxe5 12. Bg5 h6 13. Bxe7 Qxe7 14. Re1 Bg4 15. h3 Bh5 16. Qe2 Rhf8 17. g4 Bf7 18. a3 g5 19. b4 h5 20. Qe3 b6 21. Qxg5 hxg4 22. Qxe7 Bxe7 23. hxg4 Bd6 24. Ng5 Be8 25. Ne6 Rg8 26. Nxd8 Rxg4+ 27. Kh2 Kxd8 28. f3 Rf4 29. Ne2 Rxf3 30. Kg2 Re3 31. Ng3 Rc3 32. Re2 Kc8 33. a4 Bxb4 34. Rb1 Bc5 35. Rb3 Rc4 36. c3 Rxa4 37. Re1 Bf7 38. Rb2 a5 39. Rf1 Bc4 40. Rf5 Bd6 41. Rh5 b5 42. Rh8+ Kb7 43. Nf5 Bd3 44. Nxd6+ cxd6 45. Rh7+ Kb6 46. Rh6 Bxe4+ 47. Kf2 Kc5 48. Rd2 Ra3 49. Rdxd6 Rxc3 50. Rde6 a4 51. Rxe5+ Bd5 52. Re1 a3 53. Rg6 a2 54. Rgg1 b4 55. Rc1 Kd4 56. Rcd1+ Kc4 57. Rg4+ Kb3 58. Rgg1 Ka3 59. Rde1 b3 60. Rd1 b2 61. Rde1 Rb3 62. Rd1 b1Q 63. Rxb1 Rxb1 64. Rxb1 axb1Q 65. Ke3 Qe4+ 66. Kd2 Qf3 67. Ke1 Qg2 68. Kd1 Kb3 69. Ke1 Kc3 0-1